| 000 | 00000nam##2200000za#4500 |
| 001 | 9.600537 |
| 003 | CaOODSP |
| 005 | 20210624205630 |
| 007 | cr ||||||||||| |
| 008 | 150406|1997||||xxc|||||o f|0| 0 fre|d |
| 040 | |aCaOODSP|bfre |
| 043 | |an-cn--- |
| 086 | 1 |aNH15-304/1997F-PDF |
| 110 | 2 |aSociété canadienne d'hypothèques et de logement. |
| 245 | 10|aIsolation sonore procurée par fenêtres des projets résidentiels / |h[ressource électronique]|cpar Michel Morin. |
| 246 | 1 |iTitre alternatif : |aProjet de recherche sur l'isolation sonore procurée par les fenêtre des projets résidentiels |
| 260 | |aOttawa - Ontario : |bSociété canadienne d'hypothèques et de logement |cMars 1997. |
| 300 | |a156p.|bfigures, graphiques, ill., tableaux, photographies |
| 490 | 1 |aRapport de recherche |
| 590 | |a12-25-Supp|b2012-06-04 |
| 720 | 1 |aMorin, Michel |
| 775 | 08|tNoise isolation provided by windows in residential projects / |w(CaOODSP)9.569316 |
| 830 | #0|aResearch report (Société canadienne d'hypothèques et de logement : En ligne)|w(CaOODSP)9.502470 |
| 856 | 40|ahttp://publications.gc.ca|qPDF|s6 Mo|uhttps://publications.gc.ca/collections/collection_2011/schl-cmhc/nh18-1-2/NH15-304-1997-fra.pdf |